The story file : (Record no. 13115)
[ view plain ]
| 000 -LEADER | |
|---|---|
| fixed length control field | 02511nam a2200205 a 4500 |
| 003 - CONTROL NUMBER IDENTIFIER | |
| control field | PILC |
| 005 - DATE AND TIME OF LATEST TRANSACTION | |
| control field | 20250115160036.0 |
| 008 - FIXED-LENGTH DATA ELEMENTS--GENERAL INFORMATION | |
| fixed length control field | 051016s2000 xx 00 eng d |
| 010 ## - LIBRARY OF CONGRESS CONTROL NUMBER | |
| LC control number | Acc#31257 |
| 020 ## - INTERNATIONAL STANDARD BOOK NUMBER | |
| International Standard Book Number | 1565635248 |
| 040 ## - CATALOGING SOURCE | |
| Transcribing agency | Philippine Baptist Theological Seminary |
| 050 ## - LIBRARY OF CONGRESS CALL NUMBER | |
| Classification number | BV 4225.2 |
| Item number | M452 2000 |
| 100 10 - MAIN ENTRY--PERSONAL NAME | |
| Personal name | May, Steve |
| 245 10 - TITLE STATEMENT | |
| Title | The story file : |
| Remainder of title | 1001 contemporary illustrations / |
| Statement of responsibility, etc. | Steve May,[compiler]. |
| 260 0# - PUBLICATION, DISTRIBUTION, ETC (IMPRINT) | |
| Place of publication, distribution, etc. | Peabody, MA : |
| Name of publisher, distributor, etc. | Hendrickson Publishers, |
| Date of publication, distribution, etc. | c2000. |
| 300 ## - PHYSICAL DESCRIPTION | |
| Extent | x, 318 p. ; 23 cm. |
| 505 ## - FORMATTED CONTENTS NOTE | |
| Formatted contents note | Ability -- Acceptance -- Achievement -- Addictions -- Adoption -- Adversity -- Advice -- Aging -- Alcohol -- Ambition -- Anger -- Attitude -- Audacity -- Behavior -- Bible -- Bloopers -- Challenge -- Change -- Character -- Children -- Christ -- Christmas -- Church -- Commitment -- Communication -- Compassion -- Competition -- Complaining -- Compliments -- Compromise -- Conflict -- Confusion -- Cops & robbers -- Courage -- Creation -- Creativity -- Criticism -- Culture -- Decisions -- Depression -- Despair -- Determination -- Diligence -- Direction -- Discernment -- Discipline -- Discouragement -- Dishonesty -- Duty -- Embarrassment -- Encouragement -- Enthusiasm -- Evangelism -- Excuses -- Experience -- Failure -- Faith -- Fatherhood -- Fear -- Focus -- Forgiveness -- Freedom -- Friends -- Futility -- Giving -- Goals -- Grace -- Gratitude -- Greed -- Growth -- Happiness -- Health -- Honesty -- Hope -- Humility -- Hypocrisy -- Impressions -- Impulsiveness -- Influence -- Initiative -- Innovation -- Integrity -- Intelligence -- Jealousy -- Joy -- Justice -- Kindness -- Labels -- Laziness -- Leadership -- Listening -- Love -- Marriage -- Materialism -- Meditation -- Men & Women -- Mistakes -- Money -- Motherhood -- Motivation -- Obedience -- Opportunity -- Optimism -- Parenting -- Patience -- Peace -- Perfection -- Persistence -- Perspective -- Persuasion -- Pessimism -- Potential -- Prayer -- Preaching -- Prejudice -- Pride -- Principles -- Priorities -- Problems -- Promises -- Punishment -- Purpose -- Quality -- Race -- Relationships -- Requirements -- Respect -- Responsibility -- Revenge -- Rewards -- Risk -- Role models -- Sacrifice -- Salvation -- Security -- Servanthood -- Sin -- Sincerity -- Spirituality -- Stewardship -- Stress -- Success -- Teamwork -- Teenagers -- Thankfulness -- Time -- Treasure -- Trust -- Truth -- Value -- Values -- Vision -- Words -- Work -- Worry -- |
| 650 ## - SUBJECT ADDED ENTRY--TOPICAL TERM | |
| Topical term or geographic name as entry element | HOMILETICAL ILLUSTRATIONS |
| 942 ## - ADDED ENTRY ELEMENTS (KOHA) | |
| Koha item type | Circulation Books |
| Source of classification or shelving scheme | Library of Congress Classification |
| Withdrawn status | Lost status | Source of classification or shelving scheme | Damaged status | Not for loan | Home library | Current library | Shelving location | Date acquired | Total Checkouts | Total Renewals | Full call number | Barcode | Date last seen | Date last checked out | Price effective from | Koha item type |
|---|---|---|---|---|---|---|---|---|---|---|---|---|---|---|---|---|
| Dewey Decimal Classification | PBTS Library | PBTS Library | Circulation Section | 10/16/2005 | 13 | 12 | BV 4225.2 M452 2000 | 31257 | 03/16/2026 | 12/09/2025 | 04/02/2015 | Circulation Books |